[Event "NZ Junior Championship 2017"]
[Site "Auckland NZL"]
[Date "2017.07.11"]
[Round "2"]
[White "Li, Andrew"]
[Black "Gong, Daniel Hanwen"]
[Result "0-1"]
[WhiteElo "1388"]
[BlackElo "2287"]
[PlyCount "130"]
[EventDate "2017.07.11"]

1. e4 g6 2. d4 Bg7 3. Nf3 c6 4. Nc3 d5 5. exd5 cxd5 6. Bb5+ Nc6 7. Be3 e6 8.
Qd2 Nge7 9. a3 a6 10. Ba4 b5 11. Bb3 Nf5 12. O-O O-O 13. Ne2 a5 14. c3 Ba6 15.
Bc2 Nd6 16. Rfe1 Nc4 17. Qc1 b4 18. Ba4 bxa3 19. b3 Nxe3 20. Bxc6 Rc8 21. Qxe3
Rxc6 22. Rxa3 Qc7 23. Ne5 Bxe5 24. Qxe5 Qxe5 25. dxe5 Bxe2 26. Rxe2 Rxc3 27. g3
Rb8 28. Rb2 Rb5 29. f4 Kg7 30. Kf2 f6 31. Rba2 fxe5 32. fxe5 Rcxb3 33. Rxb3
Rxb3 34. Rxa5 Rb2+ 35. Kf3 Rxh2 36. Ra7+ Kf8 37. Ra6 Ke7 38. Ra7+ Kd8 39. Ra6
Kd7 40. Ra7+ Kc6 41. Ra6+ Kc5 42. Rxe6 d4 43. Rd6 Rh1 44. Ke2 Rh5 45. Kd3 Rxe5
46. Rxd4 Rd5 47. Rxd5+ Kxd5 48. Ke3 g5 49. g4 Ke5 50. Kf3 Kd4 51. Kf2 Ke4 52.
Kg3 Ke3 53. Kg2 Kf4 54. Kh3 Kf3 55. Kh2 Kxg4 56. Kg2 Kf4 57. Kh2 Kf3 58. Kg1 g4
59. Kf1 g3 60. Kg1 g2 61. Kh2 Kf2 62. Kh3 g1=Q 63. Kh4 Qg3+ 64. Kh5 Kf3 65. Kh6
Qg6# 0-1

[Event "NZ Junior Championship 2017"]
[Site "Auckland NZL"]
[Date "2017.07.11"]
[Round "2"]
[White "Fan, Allen Chi Zhou"]
[Black "Gao, Hugh"]
[Result "1-0"]
[WhiteElo "2057"]
[BlackElo "1414"]
[PlyCount "85"]
[EventDate "2017.07.11"]

1. Nf3 d5 2. g3 Nc6 3. Bg2 Nf6 4. O-O e5 5. d3 Bf5 6. Nbd2 Bd6 7. c4 dxc4 8.
Nxc4 Qd7 9. d4 exd4 10. Nxd4 Be4 11. Nxd6+ Qxd6 12. Nb5 Qe5 13. a4 Bxg2 14.
Kxg2 Nd5 15. e4 Qxe4+ 16. f3 Qf5 17. Qxd5 Qxd5 18. Nxc7+ Kd7 19. Nxd5 Rhe8 20.
Bf4 Rac8 21. Rad1 Re2+ 22. Kg1 Ke6 23. b4 Ne7 24. Nc7+ Kf5 25. Rfe1 Rxe1+ 26.
Rxe1 Rxc7 27. Bxc7 Ng6 28. g4+ Kf6 29. Bd8+ Ne7 30. Bxe7+ Kg6 31. h4 h5 32. Bc5
b6 33. Bd4 f6 34. Re7 a6 35. Ra7 hxg4 36. fxg4 b5 37. a5 Kh7 38. h5 Kh6 39.
Be3+ g5 40. Kg2 f5 41. gxf5 Kxh5 42. Kg3 g4 43. Rh7# 1-0

[Event "NZ Junior Championship 2017"]
[Site "Auckland NZL"]
[Date "2017.07.11"]
[Round "2"]
[White "McDougall, Euan"]
[Black "Ang, Alphaeus Wei Ern"]
[Result "0-1"]
[WhiteElo "1333"]
[BlackElo "2005"]
[PlyCount "110"]
[EventDate "2017.07.11"]

1. e4 d5 2. exd5 Qxd5 3. Nc3 Qd6 4. Nf3 Nf6 5. Bc4 a6 6. O-O b5 7. Bb3 e6 8. d3
Be7 9. Ne4 Qd8 10. Bg5 Bb7 11. Nxf6+ gxf6 12. Bf4 Bd6 13. Bg3 Nc6 14. c3 Ne7
15. a4 Ng6 16. axb5 axb5 17. Qe2 f5 18. d4 O-O 19. Be5 Bxf3 20. Qxf3 Rxa1 21.
Rxa1 Bxe5 22. dxe5 Nxe5 23. Qe2 Qd6 24. Qxb5 Ng4 25. g3 Qd2 26. Rf1 Qxb2 27.
Qc4 Ne5 28. Qf4 Qxc3 29. Rc1 Nf3+ 30. Kg2 Qxb3 31. Qxf3 Qxf3+ 32. Kxf3 Rc8 33.
Kf4 f6 34. f3 c5 35. g4 fxg4 36. fxg4 Kf7 37. g5 c4 38. Rc3 Rc5 39. gxf6 Kxf6
40. Ke4 e5 41. Rf3+ Ke6 42. Rc3 h5 43. h4 Rc8 44. Kf3 Kd5 45. Ke3 Rc7 46. Rc1
c3 47. Rd1+ Ke6 48. Rc1 c2 49. Ke4 Rc4+ 50. Kd3 Kd5 51. Ke3 Rxh4 52. Rxc2 Rh3+
53. Kd2 Rh2+ 54. Kd3 Rxc2 55. Kxc2 h4 0-1

[Event "NZ Junior Championship 2017"]
[Site "Auckland NZL"]
[Date "2017.07.11"]
[Round "2"]
[White "Picken, Oliver"]
[Black "Liu, John"]
[Result "1-0"]
[WhiteElo "1878"]
[BlackElo "1385"]
[PlyCount "53"]
[EventDate "2017.07.11"]

1. e4 d5 2. exd5 Qxd5 3. Nc3 Qa5 4. Bc4 Nf6 5. d3 Bf5 6. Bd2 c6 7. Qe2 e6 8. f3
Be7 9. g4 Bg6 10. h4 h6 11. O-O-O Nbd7 12. Nh3 O-O-O 13. Nd5 Qc5 14. Bb4 Qd4
15. Nxe7+ Kb8 16. Nxg6 fxg6 17. Bc3 Qd6 18. Qxe6 Qc5 19. Qe2 Rhe8 20. Qh2+ Ka8
21. Nf4 Qe3+ 22. Bd2 Qxf3 23. Ne6 Qxg4 24. Nc7+ Kb8 25. Na6+ Ka8 26. Qb8+ Nxb8
27. Nc7# 1-0

[Event "NZ Junior Championship 2017"]
[Site "Auckland NZL"]
[Date "2017.07.11"]
[Round "2"]
[White "Malton, Isabella"]
[Black "Meng, Richard"]
[Result "0-1"]
[WhiteElo "1139"]
[BlackElo "1646"]
[PlyCount "64"]
[EventDate "2017.07.11"]

1. e4 c5 2. Nf3 e6 3. Nc3 Nc6 4. d3 g6 5. Bf4 d6 6. Be2 Bg7 7. Bd2 Nge7 8. O-O
O-O 9. h3 a6 10. Re1 b5 11. Be3 b4 12. Na4 Qa5 13. c3 bxc3 14. bxc3 Bxc3 15.
Nxc3 Qxc3 16. Bd2 Qg7 17. Rb1 f5 18. exf5 Nxf5 19. Qc1 Ncd4 20. Nxd4 Qxd4 21.
Bc3 Qh4 22. Rf1 Bd7 23. Qe1 Bc6 24. Bg4 e5 25. g3 Qf6 26. Qe2 h5 27. Bf3 Nd4
28. Bxd4 Bxf3 29. Qd2 cxd4 30. Rb7 Bxb7 31. Qc2 Qf3 32. Qb3+ Rf7 0-1

[Event "NZ Junior Championship 2017"]
[Site "Auckland NZL"]
[Date "2017.07.11"]
[Round "2"]
[White "Wang, Aaron Ziwen"]
[Black "Li, Allen"]
[Result "1-0"]
[WhiteElo "1602"]
[BlackElo "1311"]
[PlyCount "125"]
[EventDate "2017.07.11"]

1. c4 e5 2. Nc3 Nf6 3. Nf3 Nc6 4. g3 Bc5 5. Nxe5 Nxe5 6. d4 Bxd4 7. Qxd4 Nc6 8.
Qh4 Nb4 9. Rb1 h6 10. a3 Nc6 11. Bg5 Ne5 12. Bxf6 Qxf6 13. Qe4 O-O 14. Nd5 Qd6
15. c5 f5 16. Qd4 Qe6 17. Bg2 Nc6 18. Qf4 g5 19. Qxc7 Nd4 20. Ne3 Nb5 21. Qa5
Qf6 22. Qxb5 f4 23. Bd5+ Kg7 24. gxf4 Qxf4 25. Bf3 Re8 26. Qc4 Qxc4 27. Nxc4
Rb8 28. Nd6 Re6 29. Bg4 Re5 30. Rc1 Rd5 31. b4 b6 32. Nxc8 Rxc8 33. c6 Rxc6 34.
Rxc6 dxc6 35. O-O c5 36. Bf3 Rd8 37. bxc5 bxc5 38. Rc1 Rc8 39. Rc4 Kg6 40. a4
h5 41. h3 Kf6 42. a5 Kg6 43. a6 Rc7 44. Bd5 Kf5 45. Re4 Rd7 46. Be6+ Kxe4 47.
Bxd7 c4 48. Ba4 c3 49. f3+ Ke3 50. Kf1 Kd2 51. e4 Ke3 52. e5 Kxf3 53. e6 g4 54.
e7 gxh3 55. e8=Q h2 56. Qxh5+ Kg3 57. Qg5+ Kf3 58. Qh4 Ke3 59. Qxh2 c2 60. Qe2+
Kf4 61. Bxc2 Kg3 62. Qe7 Kh2 63. Qh4# 1-0

[Event "NZ Junior Championship 2017"]
[Site "Auckland NZL"]
[Date "2017.07.11"]
[Round "2"]
[White "Steadman, Mathew"]
[Black "Ning, Isabelle Yixuan"]
[Result "0-1"]
[WhiteElo "1500"]
[BlackElo "1237"]
[PlyCount "88"]
[EventDate "2017.07.11"]

1. b4 d5 2. Bb2 e6 3. Nf3 Nf6 4. a3 Be7 5. e3 O-O 6. c4 Nbd7 7. Qb3 b6 8. Nc3
Bb7 9. Be2 c5 10. bxc5 Nxc5 11. Qc2 dxc4 12. Bxc4 Bxf3 13. gxf3 Qc7 14. Be2
Rac8 15. Nb5 Qb7 16. Rd1 Rfd8 17. Bc3 a6 18. Nd4 e5 19. Nf5 a5 20. Rg1 g6 21.
d4 exd4 22. exd4 Ne6 23. Ba6 Qxa6 24. Nxe7+ Kg7 25. Nxc8 Rxc8 26. d5 Nc5 27.
Bxf6+ Kxf6 28. Qc3+ Ke7 29. Qe5+ Kd7 30. Qc3 Re8+ 31. Kd2 Re2+ 32. Kc1 Qb5 33.
Rd2 Nb3+ 34. Qxb3 Qxb3 35. Rxe2 Qxa3+ 36. Kd2 Qxf3 37. Rd1 a4 38. Ke1 Qc3+ 39.
Kf1 a3 40. d6 Qf3 41. Re7+ Kd8 42. Ke1 a2 43. d7 Qh1+ 44. Ke2 Qxd1+ 0-1

[Event "NZ Junior Championship 2017"]
[Site "Auckland NZL"]
[Date "2017.07.11"]
[Round "2"]
[White "Fu, Tom"]
[Black "Stannard, Bobby"]
[Result "0-1"]
[WhiteElo "951"]
[BlackElo "1481"]
[PlyCount "88"]
[EventDate "2017.07.11"]

1. e4 c5 2. c3 Nc6 3. d4 Qb6 4. dxc5 Qxc5 5. Be3 Qe5 6. Nd2 Nf6 7. Ngf3 Qc7 8.
Bc4 e6 9. O-O d5 10. exd5 exd5 11. Bb5 Bd6 12. Re1 O-O 13. h3 Ne5 14. Ba4 Bf5
15. Nd4 Bd7 16. Bxd7 Nexd7 17. Nb5 Qc6 18. Nxd6 Qxd6 19. Qb3 b6 20. Rad1 Rab8
21. Bg5 h6 22. Bxf6 Nxf6 23. Ne4 Nxe4 24. Rxe4 Rfe8 25. Red4 Re5 26. Rxd5 Rxd5
27. Qxd5 Qc7 28. Qd6 Qxd6 29. Rxd6 Re8 30. Kf1 Kf8 31. Rd2 f5 32. f4 g5 33.
fxg5 hxg5 34. Rf2 Re5 35. g4 Kg7 36. gxf5 Kf6 37. Kg2 Rxf5 38. Rxf5+ Kxf5 39.
Kf3 b5 40. b4 a6 41. a3 Kf6 42. Kg4 Kg6 43. h4 gxh4 44. Kxh4 Kf5 0-1

[Event "NZ Junior Championship 2017"]
[Site "Auckland NZL"]
[Date "2017.07.11"]
[Round "2"]
[White "Xiao, Kelvin"]
[Black "McDougall, Sylvia"]
[Result "1-0"]
[WhiteElo "975"]
[BlackElo "939"]
[PlyCount "129"]
[EventDate "2017.07.11"]

1. d4 d5 2. Nf3 Nc6 3. Bf4 Nf6 4. e3 Bg4 5. Be2 e6 6. c3 Bd6 7. Ne5 Bxe2 8.
Qxe2 Nxe5 9. dxe5 Ne4 10. exd6 cxd6 11. Nd2 e5 12. Bg3 Nxg3 13. hxg3 O-O 14.
O-O-O Qa5 15. Qh5 h6 16. a3 b6 17. g4 d4 18. Nb1 Rac8 19. Rd3 Qd5 20. g5 Qxg2
21. gxh6 gxh6 22. Qxh6 Qg7 23. Rdd1 Qxh6 24. Rxh6 Rfd8 25. exd4 exd4 26. Rxd4
Kg7 27. Rhxd6 Re8 28. Rd1 Re2 29. Rf1 f5 30. f4 Kf7 31. Rd7+ Ke6 32. Rxa7 Kd5
33. a4 Ke4 34. Re7+ Kd3 35. Rxe2 Kxe2 36. Rd1 Ke3 37. Rd4 Rb8 38. Rb4 Kd3 39.
a5 Re8 40. b3 bxa5 41. Rb5 Ke4 42. Rxa5 Kxf4 43. c4 Rb8 44. Nd2 Kg4 45. c5 f4
46. Ra4 Rc8 47. Rc4 Kg3 48. Kd1 Rd8 49. c6 f3 50. c7 Rxd2+ 51. Kxd2 f2 52. Rc1
Kg2 53. c8=Q f1=Q 54. Rxf1 Kxf1 55. Qe8 Kg1 56. b4 Kh2 57. b5 Kg2 58. b6 Kh1
59. b7 Kg2 60. b8=Q Kh1 61. Qb7+ Kg1 62. Qg7+ Kf2 63. Qgf7+ Kg3 64. Qeg8+ Kh4
65. Qfh7# 1-0

[Event "NZ Junior Championship 2017"]
[Site "Auckland NZL"]
[Date "2017.07.11"]
[Round "2"]
[White "Qin, Oscar Shu Xuan"]
[Black "Liu, Xinyang"]
[Result "0-1"]
[WhiteElo "1464"]
[BlackElo "1511"]
[PlyCount "104"]
[EventDate "2017.07.11"]

1. e4 e6 2. d4 d5 3. Nd2 dxe4 4. Nxe4 Nd7 5. Be3 Ngf6 6. Bd3 b6 7. Qf3 Rb8 8.
Nxf6+ Nxf6 9. Bb5+ Bd7 10. a4 a5 11. Ne2 Bxb5 12. axb5 Qd5 13. Nc3 Qxf3 14.
gxf3 Bd6 15. Ne4 Nd5 16. c3 O-O 17. O-O h6 18. Kh1 Kh7 19. Rg1 Rg8 20. Rg2 f5
21. Nxd6 cxd6 22. f4 Rbc8 23. Ra4 Rc7 24. Rg3 Rgc8 25. Bd2 Nf6 26. Re3 Re7 27.
h3 d5 28. f3 Rcc7 29. b3 Ne8 30. c4 dxc4 31. bxc4 Nd6 32. Rc3 Re8 33. c5 bxc5
34. Rxc5 Rxc5 35. dxc5 Nxb5 36. Rxa5 Nd4 37. Ra3 Kg6 38. Kg2 Rc8 39. Rc3 Kf6
40. Kf2 g5 41. Rc4 Nb3 42. Bc3+ Kf7 43. c6 gxf4 44. Rb4 Nc5 45. Rb6 Na4 46.
Rb7+ Kg6 47. Rg7+ Kh5 48. Be5 Rxc6 49. Bxf4 Nb2 50. Kg3 Nd3 51. Be3 Rc2 52. Re7
e5 0-1

[Event "NZ Junior Championship 2017"]
[Site "Auckland NZL"]
[Date "2017.07.11"]
[Round "2"]
[White "Hu, Erica Yue"]
[Black "Jain, Uday"]
[Result "1-0"]
[WhiteElo "930"]
[BlackElo "1474"]
[PlyCount "75"]
[EventDate "2017.07.11"]

1. c4 e5 2. Nc3 Bc5 3. g3 c6 4. Bg2 Nf6 5. e4 d6 6. Nge2 Be6 7. d3 d5 8. b3 Bb4
9. O-O Bg4 10. Bd2 Qa5 11. f3 Qb6+ 12. Kh1 Be6 13. a3 Bc5 14. Na4 Qc7 15. Nxc5
dxe4 16. dxe4 O-O 17. f4 Bg4 18. h3 Bd7 19. f5 Rd8 20. g4 b6 21. Nxd7 Qxd7 22.
Bg5 Qe7 23. Qe1 Nbd7 24. Qh4 h6 25. Bxf6 Nxf6 26. g5 hxg5 27. Qxg5 Qd6 28. Ng3
Qd3 29. Rad1 Qxb3 30. Rxd8+ Rxd8 31. Nh5 Nxh5 32. Qxd8+ Kh7 33. Qh4 Kh6 34. Bf3
g6 35. fxg6 fxg6 36. Bxh5 gxh5 37. Rf6+ Kg7 38. Qg5+ 1-0

[Event "NZ Junior Championship 2017"]
[Site "Auckland NZL"]
[Date "2017.07.11"]
[Round "2"]
[White "Hu, Selena Xi"]
[Black "Ong, Weng Yan"]
[Result "0-1"]
[WhiteElo "1293"]
[BlackElo "1158"]
[PlyCount "84"]
[EventDate "2017.07.11"]

1. c4 e5 2. g3 Nf6 3. Bg2 d5 4. b3 Bc5 5. e3 c6 6. Ne2 Be6 7. Bb2 Nbd7 8. d4
Bb4+ 9. Nbc3 e4 10. Nf4 Bg4 11. Qd2 Nb6 12. a3 Bd6 13. c5 Bxf4 14. exf4 Nbd7
15. b4 O-O 16. O-O Re8 17. Rfe1 Nf8 18. a4 a6 19. b5 axb5 20. axb5 Qd7 21. Rxa8
Rxa8 22. h3 Bxh3 23. f3 Bxg2 24. Kxg2 exf3+ 25. Kxf3 Qg4+ 26. Kf2 Re8 27. Rxe8
Nxe8 28. bxc6 bxc6 29. Qe1 Qe6 30. f5 Qxf5+ 31. Kg1 Qe6 32. Kg2 Qxe1 33. g4
Qd2+ 34. Kf1 Qxb2 35. Nd1 Qb1 36. Ke1 Qc2 37. Ne3 Qa2 38. Nf5 Nf6 39. g5 Ne4
40. Ne7+ Kh8 41. Nxc6 Qf2+ 42. Kd1 Qd2# 0-1

[Event "NZ Junior Championship 2017"]
[Site "Auckland NZL"]
[Date "2017.07.11"]
[Round "2"]
[White "Li, Leo Xiang Yu"]
[Black "Xie, Felix"]
[Result "1/2-1/2"]
[WhiteElo "1236"]
[BlackElo "1049"]
[PlyCount "71"]
[EventDate "2017.07.11"]

1. e4 e6 2. d4 d5 3. exd5 exd5 4. Nc3 Nf6 5. Bg5 Be6 6. Nf3 Be7 7. Be2 h6 8.
Bh4 Nc6 9. Qd2 Qd7 10. Bb5 g5 11. Bg3 Bd6 12. Ne5 Bxe5 13. Bxe5 Qe7 14. f4 Rg8
15. fxg5 Rxg5 16. Rf1 Ng4 17. Bg3 Bd7+ 18. Be2 Qe3 19. O-O-O Qxd2+ 20. Rxd2 Rc8
21. Re1 Kf8 22. Bf3 Be6 23. Nb5 a6 24. Nxc7 Rg6 25. Bd6+ Kg7 26. Nxe6+ fxe6 27.
Bxg4 Rxg4 28. Rxe6 Nxd4 29. Be5+ Kf7 30. Rf6+ Ke7 31. Rxd4 Rxg2 32. Rxh6 Rcxc2+
33. Kd1 Rxb2 34. Rh7+ Ke8 35. Rh8+ Ke7 36. Rh7+ 1/2-1/2

[Event "NZ Junior Championship 2017"]
[Site "Auckland NZL"]
[Date "2017.07.11"]
[Round "2"]
[White "Yu, Jeffrey"]
[Black "Lal, Krystal"]
[Result "1/2-1/2"]
[WhiteElo "740"]
[BlackElo "1235"]
[PlyCount "91"]
[EventDate "2017.07.11"]

1. e4 e5 2. Nf3 Nc6 3. Bb5 a6 4. Bxc6 dxc6 5. O-O Bd6 6. d3 Bg4 7. h3 Bh5 8.
Nbd2 Nf6 9. Qe1 Qe7 10. d4 O-O-O 11. dxe5 Bxe5 12. Qe3 Kb8 13. Nc4 Bxf3 14.
Qxf3 Rhe8 15. Nxe5 Qxe5 16. Re1 Rd4 17. Bf4 Qe6 18. e5 Nd7 19. Re2 f6 20. Qc3
Rd5 21. Rae1 fxe5 22. Bg3 Qf5 23. f4 Rc5 24. Qd2 Rd5 25. Qc3 Rc5 26. Qd2 e4 27.
Qd4 Nf6 28. Bh4 Rd5 29. Qf2 Rd6 30. Bxf6 Rxf6 31. g3 Qxh3 32. Rxe4 Rxe4 33.
Rxe4 Re6 34. Re5 Rxe5 35. fxe5 Qe6 36. Qf8+ Ka7 37. Qxg7 Qxa2 38. Qxh7 Qxb2 39.
Qxc7 Qc1+ 40. Kh2 Qxc2+ 41. Kh3 Qf5+ 42. Kg2 Qe4+ 43. Kh3 Qh1+ 44. Kg4 Qd1+ 45.
Kh3 Qh5+ 46. Kg2 1/2-1/2

[Event "NZ Junior Championship 2017"]
[Site "Auckland NZL"]
[Date "2017.07.11"]
[Round "2"]
[White "Zhang, Toby"]
[Black "Deng, Abraham"]
[Result "0-1"]
[WhiteElo "1235"]
[BlackElo "954"]
[PlyCount "92"]
[EventDate "2017.07.11"]

1. Nf3 d5 2. g3 Nc6 3. Bg2 e5 4. O-O Nf6 5. d3 Bc5 6. Nbd2 Bf5 7. b3 O-O 8. Bb2
Re8 9. Nh4 Be6 10. e4 Qd7 11. exd5 Nxd5 12. Ne4 Bb6 13. Nf3 Bh3 14. Qd2 h6 15.
Qe2 Rad8 16. Bc1 Qe6 17. Re1 Bxg2 18. Kxg2 a6 19. Kg1 f5 20. Ned2 Nd4 21. Nxd4
Bxd4 22. c4 Bxa1 23. cxd5 Rxd5 24. f4 Bd4+ 25. Kg2 Kf7 26. Qh5+ Qg6 27. Qxg6+
Kxg6 28. Nf3 Bc3 29. Re3 Kf7 30. Nh4 exf4 31. Rxe8 Kxe8 32. Bxf4 Be5 33. Bc1
Bf6 34. Ng6 Rxd3 35. Kf2 Rc3 36. Ba3 Rc2+ 37. Ke3 Rxa2 38. Bc5 Rxh2 39. Kf4 Rh1
40. Kxf5 Rh5+ 41. Ke4 Rxc5 42. Nf4 Re5+ 43. Kd4 Rg5+ 44. Kc4 Rxg3 45. Nd5 b5+
46. Kb4 Kd7 0-1

[Event "NZ Junior Championship 2017"]
[Site "Auckland NZL"]
[Date "2017.07.11"]
[Round "2"]
[White "Han, Allan"]
[Black "Zhang, Kendrick"]
[Result "1-0"]
[WhiteElo "1201"]
[BlackElo "922"]
[PlyCount "109"]
[EventDate "2017.07.11"]

1. d4 Nf6 2. c4 c5 3. d5 d6 4. Nc3 e6 5. dxe6 Bxe6 6. e4 Be7 7. b3 Nc6 8. Bb2
Nd4 9. Nge2 Nc6 10. f3 Rc8 11. Nd5 Bxd5 12. cxd5 Ne5 13. Nf4 Qa5+ 14. Kf2 c4
15. Qc2 Qb6+ 16. Kg3 O-O 17. bxc4 Qc7 18. Rc1 Nfd7 19. Nd3 Nxd3 20. Bxd3 Qd8
21. Kf2 Bh4+ 22. Ke2 Qb6 23. Kf1 Bg5 24. Rb1 Qa5 25. Bc3 Qc7 26. Bb2 Nc5 27.
Qc3 Bf6 28. Qc2 Bg5 29. Ke2 Qa5 30. Bc3 Qc7 31. Bd4 b6 32. h4 Bf4 33. Rbg1 Qe7
34. g3 Be5 35. Bxe5 Qxe5 36. f4 Qd4 37. f5 Nxd3 38. Qxd3 Qxc4 39. Rc1 Qxa2+ 40.
Kf3 Rfe8 41. g4 Qb2 42. Qe3 Qb5 43. g5 Qd7 44. f6 g6 45. h5 gxh5 46. Rxc8 Qg4+
47. Kf2 Rxc8 48. Qd3 Qxg5 49. Rg1 Qxg1+ 50. Kxg1 Kf8 51. Qa3 Ke8 52. Qxd6 Rc1+
53. Kg2 Rc2+ 54. Kf3 Rc3+ 55. Kf4 1-0